Holman QuickSource guide to Christian apologetics/ (Record no. 843)
[ view plain ]
| 000 -LEADER | |
|---|---|
| fixed length control field | 00947cam a2200313 a 4500 |
| 001 - CONTROL NUMBER | |
| control field | 121322 |
| 003 - CONTROL NUMBER IDENTIFIER | |
| control field | GBCCL |
| 005 - DATE AND TIME OF LATEST TRANSACTION | |
| control field | 20241126110347.0 |
| 008 - FIXED-LENGTH DATA ELEMENTS--GENERAL INFORMATION | |
| fixed length control field | 061103s2006 tnua b 000 0 eng d |
| 020 ## - INTERNATIONAL STANDARD BOOK NUMBER | |
| International Standard Book Number | 080549460X (pbk.) |
| 020 ## - INTERNATIONAL STANDARD BOOK NUMBER | |
| International Standard Book Number | 9780805494600 (pbk.) |
| 035 ## - SYSTEM CONTROL NUMBER | |
| System control number | (OCoLC)ocm74905784 |
| 035 ## - SYSTEM CONTROL NUMBER | |
| System control number | (OCoLC)74905784 |
| 040 ## - CATALOGING SOURCE | |
| Original cataloging agency | KTS |
| Transcribing agency | KTS |
| Modifying agency | BAKER |
| -- | LBB |
| 049 ## - | |
| -- | LBBK |
| 082 ## - DEWEY DECIMAL CLASSIFICATION NUMBER | |
| Classification number | 239 |
| Item number | POW |
| 090 ## - LOCALLY ASSIGNED LC-TYPE CALL NUMBER (OCLC); LOCAL CALL NUMBER (RLIN) | |
| Classification number (OCLC) (R) ; Classification number, CALL (RLIN) (NR) | BT1103 |
| Local cutter number (OCLC) ; Book number/undivided call number, CALL (RLIN) | .P69 2006 |
| 100 1# - MAIN ENTRY--PERSONAL NAME | |
| Personal name | Powell, Doug. |
| 9 (RLIN) | 1279 |
| 245 10 - TITLE STATEMENT | |
| Title | Holman QuickSource guide to Christian apologetics/ |
| Statement of responsibility, etc. | Doug Powell. |
| 246 30 - | |
| -- | Guide to Christian apologetics |
| 246 30 - | |
| -- | Christian apologetics |
| 260 ## - PUBLICATION, DISTRIBUTION, ETC. | |
| Place of publication, distribution, etc. | Nashville, Tenn. : |
| Name of publisher, distributor, etc. | Holman Reference, |
| Date of publication, distribution, etc. | c2006. |
| 300 ## - PHYSICAL DESCRIPTION | |
| Extent | xxiv, 375 p. : |
| Other physical details | col. ill. ; |
| Dimensions | 24 cm. |
| 440 #0 - SERIES STATEMENT/ADDED ENTRY--TITLE | |
| Title | Holman reference |
| 9 (RLIN) | 1280 |
| 504 ## - BIBLIOGRAPHY, ETC. NOTE | |
| Bibliography, etc. note | Includes bibliographical references. |
| 650 #0 - SUBJECT ADDED ENTRY--TOPICAL TERM | |
| Topical term or geographic name entry element | Apologetics. |
| 9 (RLIN) | 85 |
| 650 #0 - SUBJECT ADDED ENTRY--TOPICAL TERM | |
| Topical term or geographic name entry element | Christianity |
| Form subdivision | Apologetic works |
| 9 (RLIN) | 1281 |
| 942 ## - ADDED ENTRY ELEMENTS (KOHA) | |
| Source of classification or shelving scheme | Dewey Decimal Classification |
| Koha item type | Books |
| Koha issues (borrowed), all copies | 30 |
| Withdrawn status | Lost status | Source of classification or shelving scheme | Damaged status | Not for loan | Home library | Current Library | Shelving location | Date acquired | Total checkouts | Total renewals | Full call number | Barcode | Date last seen | Date last checked out | Copy number | Price effective from | Koha item type |
|---|---|---|---|---|---|---|---|---|---|---|---|---|---|---|---|---|---|
| Dewey Decimal Classification | GRACE BIBLE COLLEGE | GRACE BIBLE COLLEGE | Theology | 2017-03-21 | 39 | 1 | 239 POW | 013120 | 2026-02-10 | 2026-02-03 | c.1 | 2017-03-21 | Books |